Mistrzowie Ligue 1 - piłka nożna - Statystyki

Ogólne statystyki
  • Ten quiz został rozwiązany 74 razy
  • Średni wynik to 5 z 19
Statystyki odpowiedzi
Tytuły Klub % Poprawnych
12 PSG
100%
8 As Monaco
58%
4 Lille
52%
7 Olympique Lyon
52%
9 Olympique Marsylia
49%
10 Saint Etienne
40%
1 Montpellier
33%
4 Nicea
33%
1 Lens
31%
8 Fc Nantes
16%
6 Girondins Bordeaux
12%
1 AJ Auxerre
1%
1 Olympique Lillois
1%
2 Sete
1%
1 RC Paryż
0%
1 RC Strasbourg
0%
1 Roubaix Tourcoing
0%
2 Sochaux Montbeliard
0%
6 Stare Reims
0%
Nie znaleziono quizów pasujących do podanych kryteriów
Rozkład punktacji
Procent ludzi z każdym wynikiem
Percentyl według liczby udzielonych odpowiedzi
Twoja historia wyników
Nie rozwiązałeś tego quizu